|
|
|
|
| LEADER |
02187nam a22004094a 4500 |
| 001 |
EBC172784 |
| 003 |
MiAaPQ |
| 005 |
20200520144314.0 |
| 006 |
m o d | |
| 007 |
cr cn||||||||| |
| 008 |
020820s2003 enka sb 001 0 eng |
| 010 |
|
|
|z 2002013406
|
| 020 |
|
|
|z 0415279178 (hdbk.)
|
| 035 |
|
|
|a (MiAaPQ)EBC172784
|
| 035 |
|
|
|a (Au-PeEL)EBL172784
|
| 035 |
|
|
|a (CaPaEBR)ebr10101110
|
| 035 |
|
|
|a (CaONFJC)MIL2255
|
| 035 |
|
|
|a (OCoLC)437079513
|
| 040 |
|
|
|a MiAaPQ
|c MiAaPQ
|d MiAaPQ
|
| 043 |
|
|
|a a-ko---
|
| 050 |
|
4 |
|a HC467
|b .S4525 2003
|
| 082 |
0 |
4 |
|a 338.95195
|2 21
|
| 100 |
1 |
|
|a Shin, Dong-Myeon,
|d 1966-
|
| 245 |
1 |
0 |
|a Social and economic policies in Korea
|h [electronic resource] :
|b ideas, networks, and linkages /
|c Dong-Myeon Shin.
|
| 260 |
|
|
|a London ;
|a New York :
|b RoutledgeCurzon,
|c 2003.
|
| 300 |
|
|
|a xix, 241 p. :
|b ill.
|
| 490 |
1 |
|
|a RoutledgeCurzon advances in Korean studies ;
|v 3
|
| 500 |
|
|
|a Simultaneously published in the USA and Canada.
|
| 504 |
|
|
|a Includes bibliographical references (p. [215]-235) and index.
|
| 505 |
0 |
|
|a Introduction -- The roles of the state in the economy and social welfare -- A theoretical framework for analysing the process of policy formation and change -- Social and economic policies during the export-led industrialisation of the 1960s -- Social and economic policies during the heavy and chemical industrialisation in the 1970s -- Stabilisation, liberalisation and social policies : 1980-1992 -- Social and economic policies under globalisation : 1993-1997 -- Financial crisis, economic policy, and social policy : 1998-present -- Conclusions -- Epilogue : assessment of the existing social security system in Korea.
|
| 533 |
|
|
|a Electronic reproduction. Ann Arbor, MI : ProQuest, 2015. Available via World Wide Web. Access may be limited to ProQuest affiliated libraries.
|
| 651 |
|
0 |
|a Korea (South)
|x Economic policy
|y 1960-1988.
|
| 651 |
|
0 |
|a Korea (South)
|x Social policy.
|
| 655 |
|
4 |
|a Electronic books.
|
| 710 |
2 |
|
|a ProQuest (Firm)
|
| 830 |
|
0 |
|a RoutledgeCurzon advances in Korean studies ;
|v 3.
|
| 856 |
4 |
0 |
|u https://ebookcentral.proquest.com/lib/matrademy/detail.action?docID=172784
|z Click to View
|